Регионална библиотека "Любен Каравелов" - Русе

Космическа утроба (Запис номер 326820)

MARC детайли
000 -Лидер
Контролно поле с фиксирана дължина 01156nam a22003137a 4500
003 - Код на организацията, давaща контролен номер
Контролно поле BLK
005 - Дата и час на последна редакция
Контролно поле 20240213122805.0
008 - Елементи от данни с фиксирана дължина
fixed length control field 181128b bu ||||| |||| 00| 0 bu d
020 ## - Международен стандартен номер на книга ISBN
Международен стандартен номер на книга ISBN 9789546558886
040 ## - Източник на каталожния запис
Идентификатор на билиотеката - собственик на записа BLK
041 ## - Код за език
Код за езика на текст/звукозапис или на отделно заглавие Български
Код за езика КДБФ Български
080 ## - УДК
Текстов определител УДК Антропогенезис. Произход на човека. Вж и 575.8
УДК код - определител по УДК 572.1/.4
УДК - код + определител 572.1/.4
080 ## - УДК
Текстов определител УДК Космическа микробиология. Вж и 52; 550.2; 573.5
УДК код - определител по УДК 579.65
УДК - код + определител 579.65
100 ## - Редна дума - Автор
Автор Уикрамасиндж, Чандра
Авторска отговорност първи автор
R(LIN) 1299
139 ## - Редно поле
Редна дума Уикрамасиндж, Чандра
Авторски знак Уиля - У 40
245 ## - Сведения за заглавието
Заглавие Космическа утроба
Подзаглавни данни Засяването на планетата Земя
260 ## - Област на издателските данни
Място на издаване, разпространение и проч. София
Име на издателя, разпространителя и проч. Бард
Година на издаване 2018
300 ## - Физическа характеристика
Страници 416 с.
Размери/Мащаб 22 см
380 ## - Жанр
Жанр Естествени науки. Математика
650 #7 - Допълнително описание по предмет – тема
9 (RLIN) 155456
Основно описание – тема или топоним Живот
650 #0 - Допълнително описание по предмет – тема
9 (RLIN) 265129
Основно описание – тема или топоним Вселена - произход и развитие
653 #7 - Ключова дума – ненормативна
9 (RLIN) 185767
Ключова дума еволюция
653 #7 - Ключова дума – ненормативна
9 (RLIN) 186978
Ключова дума Земя
700 ## - Други автори (авторска отговорност)
9 (RLIN) 368828
Лично име Бовал, Робърт
Автороска отговорност (Описва отношението между автора и произведението) съавт.
852 ## - Местоположение
Фондова буква Детски отдел-Читалня
Систематично-азбучна сигнатура П 572/У 70
999 ## - СИСТЕМНИ КОНТРОЛНИ НОМЕРА
Koha biblionumber 326820
Koha biblioitemnumber 326820
942 ## - АРТИКУЛИ
Скрит в OPAC Не
Вид на библиотечния материал Книги
Koha issues (borrowed), all copies 3
Периодичен библиозапис Да
999 ## - СИСТЕМНИ КОНТРОЛНИ НОМЕРА
Koha biblioitemnumber 326820
999 ## - СИСТЕМНИ КОНТРОЛНИ НОМЕРА
Koha biblioitemnumber 326820
944 ## - СЪЗДАВАНЕ И РЕДАКЦИЯ на ЗАПИСА
Служител, извършил регистрацията/редакцията 30530
Статус, дата на статуса Минев Младен
Наличности
Код за отписване Код за изгубен артикул Източник на класификационната схема Код за повреда Коз за рестрикции Код за отдаване Артикулен № Име на библиотеката - собственик Име на библиотеката, в която се намира в момента Статус (Текущо местоположение) Дата на вписване в системата Местоположение - отдел Цена в лева Инвентарен номер Систематично азбучна сигнатура Баркод Цена в евро Служебен тип на артикула
  Не е изгубен Universal Decimal Classification Не е повреден без рестрикции заемане за дома 683742 Регионална библиотека "Любен Каравелов" Русе Регионална библиотека "Любен Каравелов" Русе Заемна - подръчен фонд 2018-12-03 Заемна - подръчен фонд 14.99 120000826360 П 572/У 40 120000826360 7.66 Книги
  Не е изгубен Universal Decimal Classification Не е повреден само за читалня ползва се в читалня 749615 Регионална библиотека "Любен Каравелов" Русе Регионална библиотека "Любен Каравелов" Русе Хранилище 2019-11-21 Хранилище 19.99   Цб 297310 120000837698 10.22 Книги
Vip Innovations Ltd, Rousse, Bulgaria 2025